000 00489nam a2200205 a 4500
999 _c4144
_d4144
001 4144
003 BD-JhCC
005 20171125123315.0
008 171123s1937 bg ||||| |||| 00| 0 ben d
035 _a(BD-JhCC)4144
040 _aBD-JhCC
_dBD-JhCC
041 _aeng
082 _a823.914
_b LEE 1937
100 _aLee, F. H.
245 _aThe Children’s :
_bDon Quixote /
_cF. H. Lee
300 _a63 p. :
_c18 cm.
650 _aEnglish Stories
942 _2ddc
_cBK